Equipos - Eurocopa 1992 - Estadísticas

Estadísticas generales
  • Esta prueba ha sido intentada 16 veces
  • La puntuación promedio es 6 de 8
Estadísticas de respuestas
Squadra % Correcto
Alemania
100%
Francia
93%
Dinamarca
86%
Inglaterra
86%
Países Bajos
86%
Suecia
86%
Escocia
50%
CEI
43%
No se encontraron pruebas coincidentes
Distribución de puntuación
Porcentaje de gente con cada puntuación
Porcentaje por número respondido
Historial de tus puntuaciones
No has intentado esta prueba.